000 00598nam a2200193Ia 4500
003 GCL
008 140319s9999 xx 000 0 ara d
040 _aGCL /
_cGCL
082 0 4 _a823
_bر ا
100 1 _aراسل، برتراند
245 1 0 _aاحلام الاعلام و قصص اخرى /
_cراسل، برتراند
700 1 _aشاكر ابراهيم
300 _a145 ص
490 _aالالف كتاب الثانى
_v0
650 0 4 _aالادب
650 0 4 _aالادب الانجليزى المترجم
650 0 4 _aالادب العالمى المترجم
942 _2ddc
_cBK
999 _c40800
_d40800